04434nam a2200469 a 450000100100000000500170001000800410002702000250006802000250009302000250011802000250014302000250016802000250019302000250021802000250024304000250026808200150029310000440030824501180035226000530047030000390052350000670056250000670062950000410069650502180073750503550095550502910131050504020160150504990200350503500250250503960285250503400324870000250358870000340361370000370364770000370368470000350372170000370375670000410379395201130383499900170394700004572420201002052416.0150130s2013 dr abc 000 0 spa d a9789945495135 (v. 1) a9789945495143 (v. 2) a9789945495151 (v. 3) a978994549516X (v. 4) a9789945495178 (v. 5) a9789945495186 (v. 6) a9789945495194 (v. 7) a9789945495208 (v. 8) aDO-SdBNPbspacBNPHU axxxxbxxxx1 aHernández Grullón, Alejandro94415710aCiencias :beducacion básica /cAlejandro Hernández Grullón...[et al.] ; ilustraciones Ramón L. Sandoval. aSanto Domingo :bActualidad Escolar 2000,c2013. a8 v. :bil., map. retrs. ;c28 cm. aDel volumen 1 al 4 es edición revisada y actualizada al 2013 aDel volumen 5 al 8 es edición revisada y actualizada al 2014 aCada v. posee el "Libro del maestro"1 av.1 :gunidad 1 --tYo tengo una familia --gunidad 2 --tMi escuela --gunidad 3 --tMi comunidad --gunidad 4 --tMi país --tBibliografía /rHernández Grullón, Alejandro --rHernández, Juan Ricardo --1 av. 2 :gunidad 1 --tYo tengo una familia --gunidad 2 --tVivo en una comunidad --gunidad 3 --t¿Cómo se organiza mi comunidad? --gunidad 4 --tComunicación y transporte en la comunidad --gunidad 5 --tMi país, República Dominicana --tBibliografía /tBibliografía /rHernández Grullón, Alejandro --rHernández, Juan Ricardo --1 av. 3 :gunidad 1 --tFamilia y comunidad --gunidad 2 --tConozco donde vivo --gunidad 3 --tCultura y autirdades en nuestros municipios --gunidad 4 --tRepública Dominicana, primeros pobladores --tBibliografía /rHernández Grullón, Alejandro --rHernández, Juan Ricardo --1 av. 4 :gunidad 1 --tProvincias y regiones dominicanas --gunidad 2 --tRelieve, hidrografía y clima de las regiones de la República Dominicana --gunidd 3 --tNuestros primeros pobladores y la llegada de los españoles --gunidad 4 --tEsclavitud nativa y resistencia --gunidad 5 --tAsí se formó el pueblo dominicano /rHernández Grullón, Alejandro --rHernández, Juan Ricardo --1 av. 5 :gunidad 1 --tLa isla de Santo Domingo y la región del Caribe --gunidad 2 --tLos continentes: América, Europa, África, Asia, Oceanía y Antártida --gunidad 3 --tLas civilizaciones antiguas --gunidad 4 --tÁfrica y América conquistadas por Europa --gunidad 5 --tLas civilizaciones del continente americano y pobladores de las Antillas --gunidad 6 --tAzúcar y esclavitud en la región caribeña /rHernández Grullón, Alejandro --rHernández, Juan Ricardo --1 av. 6 :gunidad 1--tColonización de América, África y Asia--gunidad 2 --tColonización de la Hispaniola --gunidad 3 --tLas revoluciones burguesas --gunidad 4 --tEl movimiento antiesclavista en América --gunidad 5 --tLa independencia de las colonias americanas /rHernández Grullón, Alejandro --rHernández, Juan Ricardo --1 av. 7 :gunidad 1 --tMovimiento poblacional y dominio del espacio en la República Dominicana --gunidad 2 --tOcupación haitiana (1822-1844) y proceso de la independencia de la República Dominicana --gunidad 3 --tPresencia de las potencias europeas y los Estados Unidos en las luchas internas post-independentistas /rHernández Grullón, Alejandro --rHernández, Juan Ricardo --1 av. 8 :gunidad 1 --tLuchas por el control del espacio entre las potencias mundiales --gunidad 2 --tDictaduras y derechos humanos en República Dominicana y América Latina --gunidad 3 --tSistema electoral y cobertura democrática en la República Dominicana /rHernández Grullón, Alejandro --rHernández, Juan Ricardo --1 aCid, Henryeil.93461 aPérez, Danildaeact.9737781 aPhipps Green, Georgeeil.9737791 aHernández, Juan Ricardo9737801 aGrullón, Ramonaeact.9737811 aSandoval, Ramón L.eil.9295851 aGuzmán Nieves, Ramóneil.973782 0010718PDaPDbPDcCTd2015-05-07iLF1l0oxxxx xxxxp45724-10r2020-06-25w2020-06-25yLFPDZNo se presta c45213d45213